000 00509nam a22001697a 4500
005 20251108164908.0
008 250721s1986 xx 000 0 ara d
082 1 4 _a646.4/عاب
100 1 _aعابدين، علية
245 1 0 _aدراسات في ملابس الأطفال و طرق تنفيذها /
264 1 _aبيروت :
_bدار الندوة الجديدة،
_c1986.
300 _a210ص
650 1 7 _aالخياطة
650 1 7 _aملابس الأطفال
942 _2ddc
_cBK
999 _c16899
_d16899